000 00846nam a22001817a 4500
999 _c63159
_d63159
003 Ge_BSU
005 20250613102138.0
008 250613s1971 xxu||||| |||| 00| 0 geo d
041 _ageo
080 _a631.459(479.22) ხ-25
100 _aხარაიშვილი, გერონტი
_925408
245 _aნიადაგის ეროზიასთან ბრძოლის სატყეო-სამელიორაციო ღონისძიებანი /
_cგერონტი ხარაიშვილი.
264 _aთბილისი :
_bსაბჭოთა საქართველო,
_c1971.
300 _a199 გვ. ;
_b 20 სმ.
653 _aნიადაგის ეროზია
653 _aსატყეო მელიორაცია
942 _2udc
_cᲬᲘᲒᲜᲘ